|
|
|
|
| LEADER |
00000nam a2200000 a 4500 |
| 001 |
vtls001374293 |
| 003 |
SK-MaSNL |
| 005 |
20260302000600.0 |
| 008 |
240318s1999 xo ap r 1yy slo |
| 015 |
|
|
|a SNBA1999/12-04577
|
| 020 |
|
|
|a 8080541035
|
| 035 |
|
|
|a SNK000328171
|
| 035 |
|
|
|a urn:nbn:sk:snk-amk3wj
|
| 035 |
|
|
|a urn:nbn:sk:snk-am005drd
|
| 035 |
|
|
|a 160557BE-6C09-4B8C-B8B2-566BF8B0BA15
|
| 040 |
|
|
|a SNK
|b slo
|c SNK
|e AACR2
|
| 041 |
0 |
|
|a slo
|
| 044 |
|
|
|a xo
|c SK
|
| 080 |
|
|
|a 355.58
|2 1981
|
| 100 |
1 |
|
|a Buzalka, Ján,
|d 1947-
|4 aut
|9 108433
|
| 245 |
1 |
0 |
|a Vývin prístupov ku vzdelávaniu a príprave obyvateľov na civilnú ochranu v Slovenskej republike
|c Ján Buzalka
|
| 260 |
|
|
|a Bratislava
|b Akadémia Policajného zboru
|c 1999
|
| 300 |
|
|
|a 95, 4 s., [13] s. príl.
|b sch., tab.
|c 25 cm
|
| 500 |
|
|
|a 350 výt.
|
| 504 |
|
|
|a Bibliogr. s. 81-85. Res. angl. Reg.
|
| 650 |
0 |
7 |
|a civilná ochrana
|2 SNKPH
|9 21936
|
| 655 |
|
7 |
|a príručky
|2 SNKPH
|9 74364
|
| 919 |
|
|
|a 80-8054-103-5
|
| 958 |
|
|
|a TL
|
| 958 |
|
|
|a NB
|
| 999 |
|
|
|c 980214
|d 982144
|
| 952 |
|
|
|t P60, <03>, [BOOK], {603}
|a SNK
|b SNK
|y PREZ
|7 0
|p 17A0214086
|o snkSC 99788
|i snkKSP 9986/99
|0 0
|1 0
|4 0
|d 1999-10-13
|f 1
|l 0
|r 2025-09-19 00:00:00
|w 2026-02-24
|
| 952 |
|
|
|t P60, <04>, [BOOK], {604}
|a SNK
|b SNK
|y VYP
|7 0
|p 17A0214087
|o snkSC 99788 D1
|i snkKSP 9987/99
|0 0
|1 0
|4 0
|d 1999-10-13
|l 0
|r 2005-01-02 00:00:00
|w 2026-02-24
|